=LDR 00000nam 2200000 4500 =001 INLIS000000000022667 =005 20130612121413 =008 ***********************************Ind** =035 ##$$0010-061300000022667 =041 ##$$a Ind =082 ##$$a 635.26 =090 ##$$a 635.26, Rah-b =100 ##$$a Rahayu, Estu =245 ##$$a Bawang merah, Estu Rahayu, Nur Berlian VA =260 ##$$a 1997 $b Jakarta =300 ##$$a vii, 94 hlm., ilus, 21 cm =650 ##$$a Bawang merah =850 ##$$a NBPNMAT =990 ##$$a 0001/BPAP-NTB/20142015 =990 ##$$a 2090100996/BPAP-NTB/2015